| 000 | 00952nas a2200277 4500 | ||
|---|---|---|---|
| 001 | BR9503302 | ||
| 003 | BR-BrBNA | ||
| 005 | 20231205094118.0 | ||
| 007 | ta | ||
| 008 | 230509b bl.|||p| |||| 00| 00por d | ||
| 040 |
_aBR-BrBNA _bpor _cBiblioteca Nacional de Agricultura |
||
| 041 | _a(En) | ||
| 072 | _aJ11 | ||
| 100 | 1 | _aMacedo, M.L.R. | |
| 100 | 1 | _aFernandes, K.V.S. | |
| 100 | 1 | _aSales, M.P. | |
| 100 | 1 | _aXavier Filho, J. | |
| 245 | 1 | _aPurification and properties of storage proteins (vicilins)from cowpea (Vigna unguiculata)seeds which are susceptible or resistant to the bruchid beetle Callosobruchus maculatus | |
| 650 | _aFeijao de Corda | ||
| 650 | _aGorgulho | ||
| 650 | _aSemente | ||
| 650 | _aVariedade Resistente | ||
| 773 | 0 |
_tBrazilian Journal of Medical and Biological Research (Brazil) _xISSN 0100-879X _g(Feb 1995), v. 28(2) p. 183-190 _wBR9503302 |
|
| 909 |
_a202311 _bLúcia _c55 _dLúcia Elande |
||
| 942 |
_2AGRIS _n0 _cANA |
||
| 999 |
_c142144 _d142144 |
||